Music Quiz

Random Music or Song Quiz

'Your Song' Lyrics Quiz Stats

 Plays Quiz Updated Mar 23, 2014

Support Sporcle.
Go Orange.
Score 0/200 Timer 08:00
4 Plays Today
% Correct
I
99.1%
I
99.1%
I
99.1%
I
99.1%
I
99.1%
I
99.1%
I
99.1%
I
99.1%
I
99.1%
I
99.1%
I
99.1%
I
99.1%
you
98.3%
you
98.3%
you
98.3%
you
98.3%
you
98.3%
You
98.3%
a
97%
a
97%
a
97%
a
97%
a
97%
a
97%
your
95.9%
is
95.7%
is
95.7%
is
95.7%
is
95.7%
song
95.7%
song
95.7%
song
95.7%
this
95.7%
this
95.7%
this
95.7%
this
95.7%
the
95%
the
95%
the
95%
the
95%
the
95%
the
95%
the
95%
the
95%
in
94.2%
in
94.2%
in
94.2%
do
93.5%
do
93.5%
It
93.5%
it
93.5%
So
92.5%
can
92.2%
can
92.2%
can
92.2%
no
91.8%
that
90.1%
that
90.1%
that
90.1%
be
90%
It's
89.9%
it's
89.9%
it's
89.9%
it's
89.9%
It's
89.9%
but
89.9%
but
89.9%
% Correct
but
89.9%
but
89.9%
But
89.9%
but
89.9%
don't
89.8%
don't
89.8%
don't
89.8%
and
89.3%
And
89.3%
and
89.3%
on
88.3%
on
88.3%
for
87.1%
for
87.1%
hope
85.5%
hope
85.5%
mind
85.3%
mind
85.3%
How
85.2%
one
85.2%
ever
85.1%
life
84.5%
if
84.4%
we
84.4%
If
84.4%
if
84.4%
not
83.9%
not
83.9%
tell
83.7%
words
83.7%
down
83.1%
world
83.1%
wonderful
82.8%
funny
82.5%
now
82.4%
little
82.2%
put
82%
you're
82%
bit
81.9%
everybody
81.8%
feeling
81.3%
inside
80.5%
of
80.1%
of
80.1%
know
79.8%
quite
79.6%
quite
79.6%
quite
79.6%
My
79.5%
my
79.5%
much
79.3%
much
79.3%
who
78.7%
who
78.7%
simple
78.5%
may
78.2%
best
77.6%
have
77.5%
where
77.3%
could
77%
one's
76.6%
done
76.6%
then
76.6%
hide
75.7%
easily
74.2%
Or
74.1%
or
74.1%
% Correct
live
74%
those
73.4%
did
73.3%
again,
73.2%
money
72.8%
house
72.7%
I'd
72.2%
big
72.1%
buy
71.8%
I'm
71.7%
both
71.6%
gift
71.2%
me
70.9%
me
70.9%
was
70.5%
show
69.4%
travelling
68.5%
man
66.6%
wrote
61.4%
boy
61.4%
see
59.6%
sculptor,
59%
potions
57.7%
thing
57.5%
makes
57.3%
I've
57%
I've
57%
while
57%
while
57%
are
56.3%
sat
56%
roof
55.5%
blue
54.8%
what
54.5%
green
53.3%
they're
52.5%
they're
52.5%
like
51.9%
seen
51.3%
eyes
51.3%
got
51.1%
these
50.7%
sweetest
49.4%
off
49.2%
people
48.3%
things
47.8%
forgotten
47.2%
cross
47.2%
kicked
47.1%
Well
46.7%
well
46.7%
really
46.7%
moss
46.4%
excuse
45.9%
Yours
45.4%
keep
44.9%
turned
43.9%
mean
42.7%
few
41.8%
been
40.7%
verses
39.7%
forgetting
38.5%
they've
36.3%
Anyway
34.7%
sun's
34.5%
kind
32.4%

From the Vault

Fruit Machine

by mrsmith

If some mad scientist made an evil machine out of fruit, there'd be no way to stop it. Unless you had a juicer or something.
Remove Ads.
Support Sporcle.
Get the best of Sporcle when you Go Orange. This ad-free experience offers more features, more stats, and more fun while also helping to support Sporcle. Thank you for becoming a member.

Show Comments

Extras

Top Quizzes Today


Score Distribution

Your Account Isn't Verified!

In order to create a playlist on Sporcle, you need to verify the email address you used during registration. Go to your Sporcle Settings to finish the process.

Report this User

Report this user for behavior that violates our Community Guidelines.

Details: